Loading...
| Science - Other | 0 | 4 | 0 | 0 | 40 | 110 | 120.00 | 0 | 4 | 1.18 | 22.50 |
| Philosophy | 0 | 3 | 0 | 0 | 30 | 75 | 85.67 | 2 | 3 | 8.22 | 25.00 |
| Social Science | 0 | 3 | 0 | 0 | 30 | 18 | 41.33 | 3 | 3 | 18.59 | 30.00 |
| Literature - American | 0 | 3 | 0 | 0 | 30 | 90 | 112.33 | 0 | 1 | 6.81 | 12.50 |
| Fine Arts - Classical Music | 0 | 2 | 0 | 0 | 20 | 113 | 114.00 | 0 | 2 | 1.82 | 10.00 |
| Fine Arts - Painting and Sculpture | 0 | 2 | 0 | 0 | 20 | 76 | 83.00 | 1 | 2 | 6.58 | 15.00 |
| Science - Physics | 0 | 2 | 1 | 1 | 15 | 123 | 125.50 | 0 | 2 | 0.00 | 7.50 |
| Mythology | 0 | 1 | 0 | 0 | 10 | 102 | 102.00 | 0 | 1 | 2.33 | 6.67 |
| History - Other | 0 | 1 | 0 | 0 | 10 | 78 | 78.00 | 0 | 1 | 3.61 | 7.50 |
| History - World | 0 | 1 | 0 | 0 | 10 | 82 | 82.00 | 0 | 1 | 3.79 | 7.50 |
| Current Events | 0 | 1 | 0 | 0 | 10 | 100 | 100.00 | 0 | 0 | 5.56 | 8.33 |
| Other Academic | 0 | 1 | 0 | 0 | 10 | 89 | 89.00 | 1 | 1 | 12.29 | 50.00 |
| Religion | 0 | 1 | 0 | 0 | 10 | 107 | 107.00 | 0 | 0 | 1.01 | 2.50 |
| Literature - World | 0 | 0 | 0 | 0 | 0 | 0.00 | 0 | 0 | 0.00 | 0.00 | |
| Science - Biology | 0 | 0 | 1 | 0 | -5 | 0.00 | 0 | 0 | 0.00 | 0.00 | |
| Science - Chemistry | 0 | 0 | 1 | 0 | -5 | 0.00 | 0 | 0 | 0.00 | 0.00 | |
| Literature - British | 0 | 0 | 1 | 0 | -5 | 0.00 | 0 | 0 | 0.00 | 0.00 | |
| History - American | 0 | 0 | 1 | 0 | -5 | 0.00 | 0 | 0 | 0.00 | 0.00 |